|
|
|
|
| LEADER |
01397nam a22002297a 4500 |
| 001 |
17036 |
| 003 |
BD-DhAAL |
| 008 |
240605r20022000bg a|||| |||| 00| 0 ben d |
| 040 |
|
|
|a BD-DhAAL
|c BD-DhAAL
|
| 041 |
|
|
|a ben
|
| 082 |
|
|
|a 363.34095492
|
| 245 |
|
|
|a ইউনিয়ন স্বেচ্ছাসেবকদের জন্য দুর্যোগ ব্যবস্থাপনার প্রশিক্ষণ সহায়িকা /
|b কেয়ার বাংলাদেশ, দুর্যোগ ব্যবস্থাপনা প্রকল্প.
|
| 250 |
|
|
|a প্রথম সংস্করণ
|
| 264 |
|
|
|a ঢাকা :
|b কেয়ার বাংলাদেশ, দুর্যোগ ব্যবস্থাপনা প্রকল্প,
|c ২০০২.
|
| 300 |
|
|
|a iii, ১২২ পৃষ্ঠা :
|b চিত্র ;
|c ২৮ সে.মি.
|
| 541 |
|
|
|a Brac University
|e 17036
|
| 650 |
|
|
|a Natural disasters
|z Bangladesh.
|9 4071
|
| 710 |
|
|
|a দুর্যোগ ব্যবস্থাপনা প্রকল্প.
|b কেয়ার বাংলাদেশ.
|9 56510
|
| 852 |
|
|
|a Ayesha Abed Library
|c General Stacks
|
| 942 |
|
|
|2 ddc
|c BK
|
| 999 |
|
|
|c 46708
|d 46708
|
| 952 |
|
|
|0 0
|1 0
|2 ddc
|4 0
|6 363_340954920000000_DIS
|7 0
|9 75617
|a BRACUL
|b BRACUL
|c GEN
|d 2024-06-05
|e Brac University
|l 0
|o 363.34095492 DIS
|p 3010017036
|r 2024-06-05
|t 1
|w 2024-06-05
|y BK
|x Brac University
|